Communicative syllabus design

Guardado en:
Detalles Bibliográficos
Autor principal: JOHN MUNBY
Formato: Libro
Lenguaje:Undetermined
Publicado: Cambridge 1998
Etiquetas: Agregar Etiqueta
Sin Etiquetas, Sea el primero en etiquetar este registro!
Thư viện lưu trữ: Trung tâm Học liệu Trường Đại học Cần Thơ
LEADER 00395nam a2200157Ia 4500
001 CTU_49514
008 210402s9999 xx 000 0 und d
020 |b 249000 
082 |a 407 
082 |b M963 
100 |a JOHN MUNBY 
245 0 |a Communicative syllabus design 
245 0 |c JOHN MUNBY 
260 |b Cambridge 
260 |c 1998 
980 |a Trung tâm Học liệu Trường Đại học Cần Thơ